[Event "ODJM C 2025"]
[Site "Willingen GER"]
[Date "2025.06.11"]
[Round "6"]
[White "Richter, Mila"]
[Black "Muhl, Jakob"]
[Result "0-1"]
[Termination "normal"]
[Board "18"]
[WhiteElo "1231"]
[BlackElo "1510"]
[WhiteClock "00:47:56"]
[BlackClock "00:25:09"]
[PlyCount "120"]
[WhiteFideId "533025568"]
[BlackFideId "34635181"]
[EventCountry "GER"]
[EventRounds "9"]
[EventType "swiss"]
[EventDate "2025.06.07"]

1. e4 {[%clk 01:30:59]} {[%emt 00:00:01]} e5 {[%clk 01:30:48]} {[%emt
00:00:12]} 2. Nf3 {[%clk 01:31:21]} {[%emt 00:00:08]} Nc6 {[%clk 01:31:07]}
{[%emt 00:00:11]} 3. Nc3 {[%clk 01:31:45]} {[%emt 00:00:07]} Nf6 {[%clk
01:31:13]} {[%emt 00:00:23]} 4. d4 {[%clk 01:32:04]} {[%emt 00:00:10]} exd4
{[%clk 01:31:27]} {[%emt 00:00:18]} 5. Nxd4 {[%clk 01:32:28]} {[%emt 00:00:05]}
Nxe4 {[%clk 01:30:55]} {[%emt 00:01:02]} 6. Nxe4 {[%clk 01:29:33]} {[%emt
00:03:23]} Qe7 {[%clk 01:31:04]} {[%emt 00:00:23]} 7. Nxc6 {[%clk 01:28:39]}
{[%emt 00:01:23]} Qxe4+ {[%clk 01:30:23]} {[%emt 00:01:11]} 8. Be3 {[%clk
01:28:14]} {[%emt 00:00:56]} bxc6 {[%clk 01:29:22]} {[%emt 00:01:32]} 9. Qd3
{[%clk 01:22:33]} {[%emt 00:06:01]} Qxd3 {[%clk 01:26:38]} {[%emt 00:03:23]}
10. Bxd3 {[%clk 01:22:52]} {[%emt 00:00:11]} Bb7 {[%clk 01:25:26]} {[%emt
00:01:42]} 11. Be4 {[%clk 01:22:37]} {[%emt 00:00:44]} O-O-O {[%clk 01:23:53]}
{[%emt 00:02:05]} 12. O-O {[%clk 01:22:48]} {[%emt 00:00:18]} Re8 {[%clk
01:22:15]} {[%emt 00:02:09]} 13. Bf3 {[%clk 01:22:59]} {[%emt 00:00:18]} c5
{[%clk 01:19:59]} {[%emt 00:02:47]} 14. Bxb7+ {[%clk 01:22:24]} {[%emt
00:01:06]} Kxb7 {[%clk 01:20:17]} {[%emt 00:00:12]} 15. a4 {[%clk 01:22:23]}
{[%emt 00:00:31]} a5 {[%clk 01:18:30]} {[%emt 00:02:18]} 16. Bd2 {[%clk
01:17:54]} {[%emt 00:04:57]} Re2 {[%clk 01:17:05]} {[%emt 00:01:54]} 17. Bxa5
{[%clk 01:16:30]} {[%emt 00:01:55]} Rxc2 {[%clk 01:16:27]} {[%emt 00:01:09]}
18. Rfb1 {[%clk 01:15:30]} {[%emt 00:01:31]} c4 {[%clk 01:13:47]} {[%emt
00:03:09]} 19. Bc3 {[%clk 01:15:00]} {[%emt 00:00:59]} Bc5 {[%clk 01:09:42]}
{[%emt 00:04:35]} 20. Rf1 {[%clk 01:14:23]} {[%emt 00:01:04]} f6 {[%clk
01:09:14]} {[%emt 00:01:02]} 21. Rad1 {[%clk 01:14:09]} {[%emt 00:00:41]} d6
{[%clk 01:07:32]} {[%emt 00:02:14]} 22. Rc1 {[%clk 01:11:48]} {[%emt 00:02:49]}
Rxc1 {[%clk 01:06:26]} {[%emt 00:01:38]} 23. Rxc1 {[%clk 01:12:08]} {[%emt
00:00:10]} Re8 {[%clk 01:05:19]} {[%emt 00:01:36]} 24. Rb1 {[%clk 01:09:58]}
{[%emt 00:02:41]} Re2 {[%clk 01:03:23]} {[%emt 00:02:24]} 25. Be1 {[%clk
01:02:53]} {[%emt 00:07:37]} d5 {[%clk 00:59:36]} {[%emt 00:04:18]} 26. Kf1
{[%clk 01:02:59]} {[%emt 00:00:24]} Rc2 {[%clk 00:56:09]} {[%emt 00:03:54]} 27.
b4 {[%clk 01:00:51]} {[%emt 00:02:42]} Bd6 {[%clk 00:52:20]} {[%emt 00:04:17]}
28. a5 {[%clk 01:00:15]} {[%emt 00:01:07]} Bxh2 {[%clk 00:51:19]} {[%emt
00:01:31]} 29. b5 {[%clk 00:59:51]} {[%emt 00:00:53]} Be5 {[%clk 00:47:03]}
{[%emt 00:04:45]} 30. b6 {[%clk 00:58:18]} {[%emt 00:02:05]} cxb6 {[%clk
00:44:43]} {[%emt 00:02:50]} 31. Rxb6+ {[%clk 00:58:23]} {[%emt 00:00:24]} Ka7
{[%clk 00:44:21]} {[%emt 00:00:52]} 32. Bb4 {[%clk 00:55:05]} {[%emt 00:03:48]}
Bd4 {[%clk 00:40:32]} {[%emt 00:04:20]} 33. Rb5 {[%clk 00:52:21]} {[%emt
00:03:05]} Rxf2+ {[%clk 00:37:54]} {[%emt 00:03:16]} 34. Kg1 {[%clk 00:49:42]}
{[%emt 00:02:17]} c3 {[%clk 00:35:29]} {[%emt 00:03:48]} 35. Bc5+ {[%clk
00:46:52]} {[%emt 00:03:18]} Bxc5 {[%clk 00:33:30]} {[%emt 00:04:44]} 36. Rxc5
{[%clk 00:49:08]} {[%emt 00:00:09]} Ra2 {[%clk 00:33:00]} {[%emt 00:01:00]} 37.
Rxc3 {[%clk 00:49:09]} {[%emt 00:00:29]} Rxa5 {[%clk 00:32:11]} {[%emt
00:01:19]} 38. Rc7+ {[%clk 00:49:26]} {[%emt 00:00:13]} Kb6 {[%clk 00:32:04]}
{[%emt 00:00:35]} 39. Rxg7 {[%clk 00:49:48]} {[%emt 00:00:11]} h5 {[%clk
00:31:18]} {[%emt 00:01:16]} 40. Rg6 {[%clk 00:50:04]} {[%emt 00:00:14]} d4
{[%clk 00:29:20]} {[%emt 00:02:28]} 41. Rxf6+ {[%clk 00:50:26]} {[%emt
00:00:08]} Kc5 {[%clk 00:29:11]} {[%emt 00:00:27]} 42. Rf5+ {[%clk 00:50:20]}
{[%emt 00:00:41]} Kb4 {[%clk 00:29:28]} {[%emt 00:00:19]} 43. Rf4 {[%clk
00:50:03]} {[%emt 00:00:48]} Kc3 {[%clk 00:28:27]} {[%emt 00:01:20]} 44. Kf2
{[%clk 00:50:16]} {[%emt 00:00:29]} d3 {[%clk 00:26:15]} {[%emt 00:02:41]} 45.
Rf3 {[%clk 00:46:06]} {[%emt 00:04:38]} Kc2 {[%clk 00:25:16]} {[%emt 00:01:25]}
46. Rxd3 {[%clk 00:46:14]} {[%emt 00:00:28]} Kxd3 {[%clk 00:24:10]} {[%emt
00:01:36]} 47. Kg3 {[%clk 00:46:21]} {[%emt 00:00:21]} Ke3 {[%clk 00:24:08]}
{[%emt 00:00:34]} 48. Kh3 {[%clk 00:46:31]} {[%emt 00:00:20]} Kf2 {[%clk
00:23:25]} {[%emt 00:01:12]} 49. g3 {[%clk 00:46:47]} {[%emt 00:00:15]} Rg5
{[%clk 00:23:19]} {[%emt 00:00:30]} 50. Kh4 {[%clk 00:45:56]} {[%emt 00:01:27]}
Rxg3 {[%clk 00:23:26]} {[%emt 00:00:22]} 51. Kxh5 {[%clk 00:46:17]} {[%emt
00:00:09]} Kf3 {[%clk 00:23:35]} {[%emt 00:00:20]} 52. Kh4 {[%clk 00:46:25]}
{[%emt 00:00:20]} Kf4 {[%clk 00:23:54]} {[%emt 00:00:13]} 53. Kh5 {[%clk
00:46:49]} {[%emt 00:00:08]} Rg4 {[%clk 00:24:09]} {[%emt 00:00:13]} 54. Kh6
{[%clk 00:47:08]} {[%emt 00:00:13]} Rg5 {[%clk 00:24:29]} {[%emt 00:00:06]} 55.
Kh7 {[%clk 00:47:27]} {[%emt 00:00:14]} Kf5 {[%clk 00:24:51]} {[%emt 00:00:08]}
56. Kh8 {[%clk 00:47:31]} {[%emt 00:00:26]} Kf6 {[%clk 00:25:01]} {[%emt
00:00:10]} 57. Kh7 {[%clk 00:47:20]} {[%emt 00:00:50]} Rg6 {[%clk 00:24:50]}
{[%emt 00:00:39]} 58. Kh8 {[%clk 00:47:27]} {[%emt 00:00:26]} Kf7 {[%clk
00:25:06]} {[%emt 00:00:13]} 59. Kh7 {[%clk 00:47:45]} {[%emt 00:00:12]} Ra6
{[%clk 00:25:09]} {[%emt 00:00:28]} 60. Kh8 {[%clk 00:47:56]} {[%emt 00:00:20]}
Rh6+ {[%emt 00:00:07]} 0-1

[Event "ODJM C 2025"]
[Site "Willingen GER"]
[Date "2025.06.11"]
[Round "6"]
[White "Rafikov, Artur"]
[Black "Hempel, Christian"]
[Result "1/2-1/2"]
[Termination "normal"]
[Board "19"]
[WhiteElo "1423"]
[BlackElo "1457"]
[WhiteClock "00:10:03"]
[BlackClock "00:03:15"]
[PlyCount "120"]
[WhiteFideId "34642676"]
[BlackFideId "34660470"]
[EventCountry "GER"]
[EventRounds "9"]
[EventType "swiss"]
[EventDate "2025.06.07"]

1. e4 {[%clk 01:30:59]} {[%emt 00:00:01]} e6 {[%clk 01:30:54]} {[%emt
00:00:07]} 2. d4 {[%clk 01:31:22]} {[%emt 00:00:07]} d5 {[%clk 01:31:18]}
{[%emt 00:00:06]} 3. Bd3 {[%clk 01:31:47]} {[%emt 00:00:05]} c5 {[%clk
01:31:30]} {[%emt 00:00:17]} 4. exd5 {[%clk 01:31:59]} {[%emt 00:00:18]} exd5
{[%clk 01:31:48]} {[%emt 00:00:13]} 5. Nf3 {[%clk 01:30:07]} {[%emt 00:02:21]}
Nf6 {[%clk 01:30:40]} {[%emt 00:01:38]} 6. Nc3 {[%clk 01:29:39]} {[%emt
00:00:58]} Nc6 {[%clk 01:30:19]} {[%emt 00:00:52]} 7. Be3 {[%clk 01:24:47]}
{[%emt 00:05:22]} cxd4 {[%clk 01:27:12]} {[%emt 00:03:37]} 8. Nxd4 {[%clk
01:24:20]} {[%emt 00:00:54]} Bb4 {[%clk 01:20:08]} {[%emt 00:07:36]} 9. O-O
{[%clk 01:20:31]} {[%emt 00:04:17]} Bg4 {[%clk 01:18:05]} {[%emt 00:02:34]} 10.
Qd2 {[%clk 01:20:13]} {[%emt 00:00:46]} O-O {[%clk 01:08:43]} {[%emt 00:09:55]}
11. a3 {[%clk 01:20:18]} {[%emt 00:00:25]} Bd6 {[%clk 01:06:18]} {[%emt
00:02:55]} 12. b4 {[%clk 01:08:18]} {[%emt 00:12:29]} a6 {[%clk 01:04:53]}
{[%emt 00:01:56]} 13. f3 {[%clk 01:04:45]} {[%emt 00:04:02]} Be6 {[%clk
01:01:25]} {[%emt 00:03:59]} 14. Qf2 {[%clk 01:04:30]} {[%emt 00:00:45]} Qc7
{[%clk 00:54:41]} {[%emt 00:07:14]} 15. g3 {[%clk 00:58:32]} {[%emt 00:06:26]}
Nxb4 {[%clk 00:42:32]} {[%emt 00:12:41]} 16. Nce2 {[%clk 00:39:05]} {[%emt
00:20:44]} Nxd3 {[%clk 00:42:13]} {[%emt 00:00:49]} 17. cxd3 {[%clk 00:38:37]}
{[%emt 00:00:57]} Be5 {[%clk 00:33:31]} {[%emt 00:09:14]} 18. f4 {[%clk
00:32:03]} {[%emt 00:07:03]} Ng4 {[%clk 00:30:01]} {[%emt 00:04:00]} 19. Qf3
{[%clk 00:30:31]} {[%emt 00:02:03]} Nxe3 {[%clk 00:29:48]} {[%emt 00:00:42]}
20. Qxe3 {[%clk 00:30:47]} {[%emt 00:00:14]} Bxd4 {[%clk 00:29:35]} {[%emt
00:00:43]} 21. Nxd4 {[%clk 00:29:30]} {[%emt 00:00:36]} Rfe8 {[%clk 00:28:03]}
{[%emt 00:03:14]} 22. Rfe1 {[%clk 00:29:13]} {[%emt 00:00:45]} Qd7 {[%clk
00:25:08]} {[%emt 00:03:26]} 23. Qf3 {[%clk 00:27:03]} {[%emt 00:02:39]} Bg4
{[%clk 00:23:23]} {[%emt 00:02:17]} 24. Qg2 {[%clk 00:22:35]} {[%emt 00:04:54]}
Rxe1+ {[%clk 00:22:04]} {[%emt 00:01:51]} 25. Rxe1 {[%clk 00:22:35]} {[%emt
00:00:30]} Kf8 {[%clk 00:17:55]} {[%emt 00:04:40]} 26. Kh1 {[%clk 00:20:27]}
{[%emt 00:02:22]} Re8 {[%clk 00:17:12]} {[%emt 00:01:29]} 27. Ra1 {[%clk
00:19:22]} {[%emt 00:01:32]} Qd6 {[%clk 00:13:59]} {[%emt 00:03:46]} 28. Qg1
{[%clk 00:18:31]} {[%emt 00:01:21]} Qe7 {[%clk 00:12:19]} {[%emt 00:02:09]} 29.
Qf1 {[%clk 00:17:07]} {[%emt 00:01:53]} Qe3 {[%clk 00:11:49]} {[%emt 00:01:00]}
30. Qg1 {[%clk 00:16:24]} {[%emt 00:01:13]} Bf3+ {[%clk 00:11:31]} {[%emt
00:00:50]} 31. Nxf3 {[%clk 00:16:33]} {[%emt 00:00:21]} Qxf3+ {[%clk 00:11:48]}
{[%emt 00:00:14]} 32. Qg2 {[%clk 00:17:02]} Qxg2+ 33. Kxg2 {[%clk 00:17:21]}
Re3 {[%clk 00:12:02]} {[%emt 00:00:18]} 34. d4 {[%clk 00:16:38]} {[%emt
00:01:15]} Rd3 {[%clk 00:12:11]} {[%emt 00:00:21]} 35. Kg1 {[%clk 00:16:37]}
{[%emt 00:00:31]} Rxd4 {[%clk 00:12:27]} {[%emt 00:00:15]} 36. Kf1 {[%clk
00:16:49]} {[%emt 00:00:17]} Rd2 {[%clk 00:12:34]} {[%emt 00:00:21]} 37. Kg1
{[%clk 00:16:33]} {[%emt 00:00:48]} Ke7 {[%clk 00:12:43]} {[%emt 00:00:21]} 38.
Re1+ {[%clk 00:16:24]} {[%emt 00:00:39]} Kd7 {[%clk 00:12:58]} {[%emt
00:00:15]} 39. Rc1 {[%clk 00:16:37]} {[%emt 00:00:16]} d4 {[%clk 00:12:54]}
{[%emt 00:00:35]} 40. Rc5 {[%clk 00:15:21]} {[%emt 00:01:46]} Kd6 {[%clk
00:12:39]} {[%emt 00:00:45]} 41. Rc8 {[%clk 00:14:56]} {[%emt 00:00:55]} Kd5
{[%clk 00:10:24]} {[%emt 00:02:44]} 42. Kf1 {[%clk 00:13:29]} {[%emt 00:01:57]}
Rxh2 {[%clk 00:10:23]} {[%emt 00:00:32]} 43. Ke1 {[%clk 00:13:34]} {[%emt
00:00:25]} Ke4 {[%clk 00:10:37]} {[%emt 00:00:15]} 44. Kd1 {[%clk 00:12:45]}
{[%emt 00:01:17]} Kf3 {[%clk 00:10:30]} {[%emt 00:00:38]} 45. Rf8 {[%clk
00:12:03]} {[%emt 00:01:14]} Kxg3 {[%clk 00:09:11]} {[%emt 00:01:50]} 46. Rxf7
{[%clk 00:12:19]} {[%emt 00:00:13]} g6 {[%clk 00:09:03]} {[%emt 00:00:38]} 47.
Rxb7 {[%clk 00:11:48]} {[%emt 00:01:01]} Kxf4 {[%clk 00:09:03]} {[%emt
00:00:30]} 48. Rb6 {[%clk 00:11:37]} {[%emt 00:00:39]} Ra2 {[%clk 00:07:09]}
{[%emt 00:02:26]} 49. Rxa6 {[%clk 00:11:48]} {[%emt 00:00:19]} Ke3 {[%clk
00:07:23]} {[%emt 00:00:16]} 50. Ra7 {[%clk 00:11:05]} {[%emt 00:01:13]} Kd3
{[%clk 00:07:31]} {[%emt 00:00:21]} 51. Ke1 {[%clk 00:11:26]} {[%emt 00:00:09]}
Ke3 {[%clk 00:07:52]} {[%emt 00:00:10]} 52. Re7+ {[%clk 00:11:26]} {[%emt
00:00:30]} Kd3 {[%clk 00:07:49]} {[%emt 00:00:32]} 53. Rxh7 {[%clk 00:11:42]}
{[%emt 00:00:16]} Kc3 {[%clk 00:07:49]} {[%emt 00:00:24]} 54. Rh3+ {[%clk
00:11:59]} {[%emt 00:00:18]} d3 {[%clk 00:08:01]} {[%emt 00:00:16]} 55. Rg3
{[%clk 00:11:33]} {[%emt 00:00:57]} Rxa3 {[%clk 00:07:29]} {[%emt 00:01:03]}
56. Rxg6 {[%clk 00:09:49]} {[%emt 00:02:14]} d2+ {[%clk 00:07:16]} {[%emt
00:00:44]} 57. Ke2 {[%clk 00:09:21]} {[%emt 00:00:57]} Kc2 {[%clk 00:03:02]}
{[%emt 00:04:43]} 58. Rc6+ {[%clk 00:09:34]} {[%emt 00:00:14]} Rc3 {[%clk
00:02:51]} {[%emt 00:00:45]} 59. Rxc3+ {[%clk 00:09:56]} {[%emt 00:00:09]} Kxc3
{[%clk 00:03:15]} {[%emt 00:00:06]} 60. Kd1 {[%clk 00:10:03]} {[%emt 00:00:21]}
Kd3 {[%emt 00:00:08]} 1/2-1/2

[Event "ODJM C 2025"]
[Site "Willingen GER"]
[Date "2025.06.11"]
[Round "6"]
[White "Weibrecht, Theo"]
[Black "Eßers, Mathilda Marie"]
[Result "1-0"]
[Termination "normal"]
[Board "20"]
[WhiteElo "1596"]
[BlackElo "1463"]
[WhiteClock "00:45:46"]
[BlackClock "00:24:20"]
[PlyCount "79"]
[WhiteFideId "34660240"]
[BlackFideId "34684093"]
[EventCountry "GER"]
[EventRounds "9"]
[EventType "swiss"]
[EventDate "2025.06.07"]

1. e4 {[%clk 01:30:59]} c5 {[%clk 01:30:54]} {[%emt 00:00:06]} 2. c3 {[%clk
01:31:27]} {[%emt 00:00:03]} Nf6 {[%clk 01:31:17]} {[%emt 00:00:07]} 3. e5
{[%clk 01:31:46]} {[%emt 00:00:10]} Nd5 {[%clk 01:31:39]} {[%emt 00:00:09]} 4.
d4 {[%clk 01:32:11]} {[%emt 00:00:04]} cxd4 {[%clk 01:31:47]} {[%emt 00:00:22]}
5. cxd4 {[%clk 01:32:35]} {[%emt 00:00:06]} d6 {[%clk 01:32:10]} {[%emt
00:00:07]} 6. Bc4 {[%clk 01:29:00]} {[%emt 00:04:06]} dxe5 {[%clk 01:32:30]}
{[%emt 00:00:10]} 7. dxe5 {[%clk 01:28:47]} {[%emt 00:00:42]} e6 {[%clk
01:29:41]} {[%emt 00:03:20]} 8. Nf3 {[%clk 01:26:06]} {[%emt 00:03:11]} Nc6
{[%clk 01:28:41]} {[%emt 00:01:30]} 9. O-O {[%clk 01:25:50]} {[%emt 00:00:46]}
Bc5 {[%clk 01:24:52]} {[%emt 00:04:18]} 10. Bxd5 {[%clk 01:19:53]} {[%emt
00:06:27]} Qxd5 {[%clk 01:23:52]} {[%emt 00:01:30]} 11. Qxd5 {[%clk 01:19:46]}
{[%emt 00:00:38]} exd5 {[%clk 01:24:15]} {[%emt 00:00:06]} 12. Rd1 {[%clk
01:19:55]} {[%emt 00:00:21]} Be6 {[%clk 01:24:10]} {[%emt 00:00:37]} 13. Bg5
{[%clk 01:18:54]} {[%emt 00:01:23]} h6 {[%clk 01:20:48]} {[%emt 00:03:59]} 14.
Bf4 {[%clk 01:17:46]} {[%emt 00:01:38]} O-O {[%clk 01:17:42]} {[%emt 00:03:37]}
15. Nc3 {[%clk 01:17:01]} {[%emt 00:01:14]} Rfd8 {[%clk 01:16:07]} {[%emt
00:02:05]} 16. Nb5 {[%clk 01:14:33]} {[%emt 00:02:59]} a6 {[%clk 01:01:09]}
{[%emt 00:15:28]} 17. Nc7 {[%clk 01:13:35]} {[%emt 00:01:27]} Rac8 {[%clk
00:59:42]} {[%emt 00:01:56]} 18. Nxe6 {[%clk 01:13:54]} {[%emt 00:00:12]} fxe6
{[%clk 01:00:05]} {[%emt 00:00:07]} 19. Rac1 {[%clk 01:14:02]} {[%emt
00:00:23]} Ba7 {[%clk 00:59:33]} {[%emt 00:01:02]} 20. a3 {[%clk 01:14:25]}
{[%emt 00:00:07]} Bb6 {[%clk 00:47:04]} {[%emt 00:12:57]} 21. Rd3 {[%clk
01:11:16]} {[%emt 00:03:39]} Na5 {[%clk 00:37:27]} {[%emt 00:10:08]} 22. Rdc3
{[%clk 01:08:06]} {[%emt 00:03:39]} Rxc3 {[%clk 00:37:08]} {[%emt 00:00:50]}
23. Rxc3 {[%clk 01:07:52]} {[%emt 00:00:43]} d4 {[%clk 00:34:55]} {[%emt
00:02:43]} 24. Rc1 {[%clk 01:02:20]} {[%emt 00:06:02]} Nb3 {[%clk 00:34:18]}
{[%emt 00:01:07]} 25. Rd1 {[%clk 01:00:56]} {[%emt 00:01:54]} g5 {[%clk
00:33:09]} {[%emt 00:01:39]} 26. Bg3 {[%clk 01:00:05]} {[%emt 00:01:22]} d3
{[%clk 00:33:15]} {[%emt 00:00:23]} 27. Nd2 {[%clk 00:59:58]} {[%emt 00:00:38]}
Nxd2 {[%clk 00:33:32]} {[%emt 00:00:12]} 28. Rxd2 {[%clk 01:00:16]} {[%emt
00:00:11]} Rc8 {[%clk 00:33:43]} {[%emt 00:00:20]} 29. h4 {[%clk 00:58:57]}
{[%emt 00:01:49]} Rd8 {[%clk 00:31:23]} {[%emt 00:02:50]} 30. Kh2 {[%clk
00:57:25]} {[%emt 00:02:02]} a5 {[%clk 00:30:50]} {[%emt 00:01:03]} 31. Kh3
{[%clk 00:57:06]} {[%emt 00:00:49]} a4 {[%clk 00:31:04]} {[%emt 00:00:17]} 32.
hxg5 {[%clk 00:56:34]} {[%emt 00:01:01]} Ba5 {[%clk 00:31:00]} {[%emt
00:00:34]} 33. Rd1 {[%clk 00:56:18]} {[%emt 00:00:46]} hxg5 {[%clk 00:31:16]}
{[%emt 00:00:15]} 34. Kg4 {[%clk 00:55:50]} {[%emt 00:00:55]} d2 {[%clk
00:29:29]} {[%emt 00:02:15]} 35. Kxg5 {[%clk 00:54:50]} {[%emt 00:01:30]} Rc8
{[%clk 00:29:38]} {[%emt 00:00:26]} 36. Bf4 {[%clk 00:55:00]} {[%emt 00:00:19]}
Rc2 {[%clk 00:27:48]} {[%emt 00:02:20]} 37. Kf6 {[%clk 00:53:43]} {[%emt
00:01:45]} Rxb2 {[%clk 00:27:30]} {[%emt 00:00:50]} 38. Kxe6 {[%clk 00:53:50]}
{[%emt 00:00:24]} Rc2 {[%clk 00:25:44]} {[%emt 00:02:16]} 39. Kf6 {[%clk
00:48:44]} {[%emt 00:05:35]} Kf8 {[%clk 00:24:20]} {[%emt 00:01:52]} 40. g4
{[%clk 00:45:46]} {[%emt 00:03:31]} 1-0

[Event "ODJM C 2025"]
[Site "Willingen GER"]
[Date "2025.06.11"]
[Round "6"]
[White "Bathmann, Severin"]
[Black "Du, Vivian"]
[Result "1/2-1/2"]
[Termination "normal"]
[Board "21"]
[WhiteElo "1107"]
[BlackElo "1189"]
[WhiteClock "01:15:25"]
[BlackClock "00:59:01"]
[PlyCount "48"]
[WhiteFideId "34697276"]
[BlackFideId "533025924"]
[EventCountry "GER"]
[EventRounds "9"]
[EventType "swiss"]
[EventDate "2025.06.07"]

1. e4 {[%clk 01:30:58]} {[%emt 00:00:01]} d5 {[%clk 01:30:45]} {[%emt
00:00:16]} 2. exd5 {[%clk 01:31:11]} {[%emt 00:00:16]} Qxd5 {[%clk 01:31:07]}
{[%emt 00:00:08]} 3. Nc3 {[%clk 01:31:17]} {[%emt 00:00:25]} Qa5 {[%clk
01:31:25]} {[%emt 00:00:11]} 4. Nf3 {[%clk 01:31:33]} {[%emt 00:00:14]} Bf5
{[%clk 01:31:38]} {[%emt 00:00:17]} 5. g3 {[%clk 01:30:51]} {[%emt 00:01:13]}
e6 {[%clk 01:31:42]} {[%emt 00:00:25]} 6. Bg2 {[%clk 01:31:11]} {[%emt
00:00:11]} c6 {[%clk 01:31:29]} {[%emt 00:00:43]} 7. O-O {[%clk 01:31:06]}
{[%emt 00:00:34]} Nf6 {[%clk 01:31:46]} {[%emt 00:00:13]} 8. d3 {[%clk
01:30:57]} {[%emt 00:00:40]} Bd6 {[%clk 01:31:39]} {[%emt 00:00:35]} 9. Bd2
{[%clk 01:30:51]} {[%emt 00:00:37]} Qc7 {[%clk 01:31:11]} {[%emt 00:00:58]} 10.
d4 {[%clk 01:28:02]} {[%emt 00:03:19]} Nbd7 {[%clk 01:30:41]} {[%emt 00:00:59]}
11. Be3 {[%clk 01:24:10]} {[%emt 00:04:24]} O-O {[%clk 01:28:50]} {[%emt
00:02:21]} 12. Ne2 {[%clk 01:24:02]} {[%emt 00:00:38]} Rad8 {[%clk 01:25:49]}
{[%emt 00:03:30]} 13. c4 {[%clk 01:23:53]} {[%emt 00:00:40]} e5 {[%clk
01:21:20]} {[%emt 00:04:58]} 14. c5 {[%clk 01:23:19]} {[%emt 00:01:05]} Be7
{[%clk 01:21:20]} {[%emt 00:00:29]} 15. Nxe5 {[%clk 01:23:08]} {[%emt
00:00:42]} Nxe5 {[%clk 01:21:18]} {[%emt 00:00:31]} 16. Bf4 {[%clk 01:23:21]}
{[%emt 00:00:17]} Nfd7 {[%clk 01:16:14]} {[%emt 00:05:34]} 17. dxe5 {[%clk
01:22:24]} {[%emt 00:01:28]} Nxc5 {[%clk 01:14:32]} {[%emt 00:02:11]} 18. e6
{[%clk 01:22:21]} {[%emt 00:00:34]} Rxd1 {[%clk 01:12:36]} {[%emt 00:02:26]}
19. exf7+ {[%clk 01:22:28]} {[%emt 00:00:22]} Rxf7 {[%clk 01:12:22]} {[%emt
00:00:43]} 20. Bxc7 {[%clk 01:22:51]} {[%emt 00:00:08]} Rd2 {[%clk 01:11:08]}
{[%emt 00:01:45]} 21. Nf4 {[%clk 01:18:57]} {[%emt 00:04:19]} Bf6 {[%clk
01:07:22]} {[%emt 00:04:20]} 22. Bb8 {[%clk 01:15:58]} {[%emt 00:03:28]} Bxb2
{[%clk 01:03:00]} {[%emt 00:04:53]} 23. Rae1 {[%clk 01:15:26]} {[%emt
00:01:03]} Nd7 {[%clk 01:00:33]} {[%emt 00:02:56]} 24. Bxa7 {[%clk 01:15:25]}
{[%emt 00:00:32]} Bc3 {[%clk 00:59:01]} {[%emt 00:02:01]} 1/2-1/2